[Event "2. BUNDESLIGA MITTE 2018/2019"]
[Site "Grieskirchen, Friedberg/Sauwald, St. Veit, Deutschlandsberg"]
[Date "2018.11.25"]
[Round "5"]
[Board "1"]
[White "Flumbort, Andras"]
[Black "Leisch, Lukas"]
[Result "1-0"]
[WhiteElo "2452"]
[BlackElo "2338"]
[PlyCount "71"]
[EventDate "2018.10.19"]
[EventType "team"]
[EventRounds "11"]
[EventCountry "AUT"]
[WhiteTeam "ASK St.Valentin"]
[BlackTeam "Freistadt/Wartberg"]

1. d4 d5 2. c4 c6 3. Nf3 Nf6 4. Nc3 dxc4 5. a4 Bf5 6. Ne5 Nbd7 7. Nxc4 Nb6 8.
Ne5 a5 9. e3 e6 10. g4 Bg6 11. h4 Bd6 12. h5 Be4 13. f3 Bxe5 14. dxe5 Qxd1+ 15.
Nxd1 Bxf3 16. exf6 Bxh1 17. fxg7 Rg8 18. h6 Be4 19. Nf2 Bg6 20. e4 Nd7 21. Be3
Ke7 22. Be2 Rgb8 23. O-O-O b5 24. g5 f6 25. gxf6+ Nxf6 26. Bg5 Kf7 27. Rf1 Nd7
28. Ng4+ Kg8 29. Rd1 Nc5 30. Nf6+ Kf7 31. Rf1 Ke7 32. Nxh7+ Kd6 33. Nf8 Nb3+
34. Kd1 Bh7 35. Nxh7 Rg8 36. Rf8  1-0

[Event "2. BUNDESLIGA MITTE 2018/2019"]
[Site "Grieskirchen, Friedberg/Sauwald, St. Veit, Deutschlandsberg"]
[Date "2018.11.25"]
[Round "5"]
[Board "2"]
[White "Mayerhofer, Peter"]
[Black "Sandhoefner, Florian"]
[Result "1/2-1/2"]
[WhiteElo "2181"]
[BlackElo "2310"]
[PlyCount "75"]
[EventDate "2018.10.19"]
[EventType "team"]
[EventRounds "11"]
[EventCountry "AUT"]
[WhiteTeam "Freistadt/Wartberg"]
[BlackTeam "ASK St.Valentin"]

1. e4 c5 2. d4 cxd4 3. c3 Nf6 4. e5 Nd5 5. Nf3 Nc6 6. Bc4 Nb6 7. Bb3 d5 8. exd6
Qxd6 9. O-O Be6 10. Bxe6 Qxe6 11. Nxd4 Nxd4 12. Qxd4 Rd8 13. Qf4 g6 14. Na3 Bg7
15. Qf3 Qd5 16. Qxd5 Rxd5 17. Be3 O-O 18. Rfd1 Rfd8 19. Rxd5 Rxd5 20. Bxb6 axb6
21. Kf1 b5 22. Rb1 Be5 23. Ke2 Bd6 24. Nc2 Bc5 25. Ne3 Bxe3 26. fxe3 f5 27. Rd1
Rxd1 28. Kxd1 Kf7 29. Kd2 Ke6 30. Kd3 Kd5 31. b3 e6 32. a3 b6 33. h4 h6 34. g3
g5 35. hxg5 hxg5 36. e4+ fxe4+ 37. Ke3 Ke5 38. g4  1/2-1/2

[Event "2. BUNDESLIGA MITTE 2018/2019"]
[Site "Grieskirchen, Friedberg/Sauwald, St. Veit, Deutschlandsberg"]
[Date "2018.11.25"]
[Round "5"]
[Board "3"]
[White "Hajnal, Zoltan"]
[Black "Rechberger, Franz"]
[Result "1-0"]
[WhiteElo "2402"]
[BlackElo "2115"]
[PlyCount "55"]
[EventDate "2018.10.19"]
[EventType "team"]
[EventRounds "11"]
[EventCountry "AUT"]
[WhiteTeam "ASK St.Valentin"]
[BlackTeam "Freistadt/Wartberg"]

1. e4 e5 2. Nf3 Nc6 3. Bc4 Nf6 4. Qe2 Be7 5. d4 d6 6. dxe5 Nxe5 7. Nxe5 dxe5 8.
O-O c6 9. h3 O-O 10. Nd2 Qc7 11. a4 a5 12. b3 Nd7 13. Bb2 Nc5 14. Qh5 Bf6 15.
f4 g6 16. Qe2 b5 17. axb5 cxb5 18. Bd5 Ra6 19. fxe5 Bxe5 20. Bxe5 Qxe5 21. Qxb5
Qd4+ 22. Kh1 Rf6 23. Rxf6 Qxf6 24. Rf1 Qc3 25. Qc4 Qxd2 26. Qxc5 Ba6 27. Rf6
Rc8 28. Qe7  1-0

[Event "2. BUNDESLIGA MITTE 2018/2019"]
[Site "Grieskirchen, Friedberg/Sauwald, St. Veit, Deutschlandsberg"]
[Date "2018.11.25"]
[Round "5"]
[Board "4"]
[White "Postlmayer, Jakob"]
[Black "Heimberger, Reinhard"]
[Result "1-0"]
[WhiteElo "2137"]
[BlackElo "2235"]
[PlyCount "65"]
[EventDate "2018.10.19"]
[EventType "team"]
[EventRounds "11"]
[EventCountry "AUT"]
[WhiteTeam "Freistadt/Wartberg"]
[BlackTeam "ASK St.Valentin"]

1. e4 c5 2. Nc3 Nc6 3. f4 g6 4. Nf3 Bg7 5. Bb5 Nd4 6. O-O Nxb5 7. Nxb5 d6 8.
Nc3 Nf6 9. d3 O-O 10. Qe1 e6 11. Qh4 Nd7 12. Qh3 c4 13. d4 e5 14. dxe5 Nxe5 15.
f5 Re8 16. Nd5 f6 17. Qg3 Nxf3+ 18. gxf3 g5 19. h4 h6 20. hxg5 fxg5 21. f4 Bd4+
22. Kh1 Rxe4 23. fxg5 Kh8 24. Rf4 Qe8 25. Nc3 Re1+ 26. Kh2 Rg1 27. Qh4 Qc6 28.
Qxh6+ Kg8 29. Qg6+ Kf8 30. Ne4 Re1 31. f6 Bg1+ 32. Kg3 Qc7 33. Qh6+  1-0

[Event "2. BUNDESLIGA MITTE 2018/2019"]
[Site "Grieskirchen, Friedberg/Sauwald, St. Veit, Deutschlandsberg"]
[Date "2018.11.25"]
[Round "5"]
[Board "5"]
[White "Casagrande, Harald"]
[Black "Farthofer, Josef"]
[Result "1/2-1/2"]
[WhiteElo "2302"]
[BlackElo "2011"]
[PlyCount "108"]
[EventDate "2018.10.19"]
[EventType "team"]
[EventRounds "11"]
[EventCountry "AUT"]
[WhiteTeam "ASK St.Valentin"]
[BlackTeam "Freistadt/Wartberg"]

1. Nf3 Nf6 2. d4 e6 3. c4 Bb4+ 4. Bd2 Qe7 5. a3 Bxd2+ 6. Nbxd2 O-O 7. e4 d6 8.
Qc2 e5 9. d5 a5 10. b3 Na6 11. g3 Bd7 12. Bg2 Ng4 13. Qc3 f5 14. exf5 Bxf5 15.
O-O Nc5 16. h3 Nf6 17. Nh4 Bd3 18. Rfe1 g5 19. Nhf3 Nfe4 20. Nxe4 Bxe4 21. Nd2
Bxg2 22. Kxg2 Qf6 23. Qe3 h6 24. b4 Nd7 25. Ne4 Qf7 26. Red1 Nf6 27. Nc3 b6 28.
Rf1 Kg7 29. Rad1 axb4 30. axb4 Ra3 31. Qc1 Raa8 32. Qb2 Nh5 33. Qe2 Nf6 34. Ra1
b5 35. Rxa8 Rxa8 36. Nxb5 Nxd5 37. Qe4 Rb8 38. Nxd6 cxd6 39. cxd5 Rb5 40. Rb1
Rxd5 41. b5 Rd2 42. Qf3 Qa2 43. Rc1 Qa7 44. b6 Qxb6 45. h4 e4 46. Qxe4 Qxf2+
47. Kh3 Qh2+ 48. Kg4 Qe2+ 49. Qxe2 Rxe2 50. hxg5 hxg5 51. Rc6 Rd2 52. Kxg5 Rd5+
53. Kf4 Kf6 54. g4 Rd4+  1/2-1/2

[Event "2. BUNDESLIGA MITTE 2018/2019"]
[Site "Grieskirchen, Friedberg/Sauwald, St. Veit, Deutschlandsberg"]
[Date "2018.11.25"]
[Round "5"]
[Board "6"]
[White "Duy, Alexander"]
[Black "Tober, Gerhard"]
[Result "0-1"]
[WhiteElo "1764"]
[BlackElo "2203"]
[PlyCount "90"]
[EventDate "2018.10.19"]
[EventType "team"]
[EventRounds "11"]
[EventCountry "AUT"]
[WhiteTeam "Freistadt/Wartberg"]
[BlackTeam "ASK St.Valentin"]

1. c4 Nf6 2. Nc3 e6 3. g3 d5 4. d4 Be7 5. Bg2 O-O 6. Nf3 dxc4 7. Qa4 a6 8. Qxc4
b5 9. Qd3 Bb7 10. a3 c5 11. Be3 cxd4 12. Qxd4 Qxd4 13. Bxd4 Nc6 14. Bb6 Ne5 15.
Nxe5 Bxg2 16. Rg1 Bb7 17. Rd1 Rfc8 18. Nd7 Bxa3 19. Nxb5 Bb4+ 20. Nc3 Nd5 21.
Bd4 Nxc3 22. Bxc3 Bxc3+ 23. bxc3 Rxc3 24. Nb6 Rb8 25. Nd7 Re8 26. f3 f6 27. Kf2
Re7 28. Nb6 Kf7 29. Rd2 Rec7 30. Rgd1 Bc6 31. Ra1 Bb5 32. Raa2 h5 33. h4 Rc1
34. Na4 Ke7 35. Nb2 R7c2 36. Nd3 Bxd3 37. exd3 Rxd2+ 38. Rxd2 Ra1 39. Rb2 f5
40. Rb7+ Kf6 41. f4 a5 42. Ra7 a4 43. d4 a3 44. Ke2 a2 45. Kf2 Rh1  0-1

[Event "2. BUNDESLIGA MITTE 2018/2019"]
[Site "Grieskirchen, Friedberg/Sauwald, St. Veit, Deutschlandsberg"]
[Date "2018.11.25"]
[Round "5"]
[Board "1"]
[White "Halvax, Georg"]
[Black "Kociscak, Jiri"]
[Result "1-0"]
[WhiteElo "2421"]
[BlackElo "2496"]
[PlyCount "129"]
[EventDate "2018.10.19"]
[EventType "team"]
[EventRounds "11"]
[EventCountry "AUT"]
[WhiteTeam "SC MPOE Maria Saal II"]
[BlackTeam "SV Steyregg"]

1. d4 Nf6 2. c4 c5 3. d5 b5 4. cxb5 a6 5. f3 axb5 6. e4 Qa5+ 7. Bd2 Qb6 8. Nc3
b4 9. Na4 Qa7 10. Nxc5 e6 11. Nb3 Bd6 12. dxe6 fxe6 13. Qc1 Nc6 14. Be3 Qb8 15.
g3 O-O 16. Ne2 h5 17. Bg2 Ba6 18. Qd1 h4 19. f4 Ng4 20. Bg1 Nce5 21. fxe5 Nxe5
22. Nbc1 h3 23. Bxh3 Nf3+ 24. Kf1 Ng5+ 25. Ke1 Nf3+ 26. Kf1 Bxg3 27. hxg3 Qxg3
28. Bf5 Ng5 29. Bf2 Qf3 30. Rh4 exf5 31. Qd5+ Ne6 32. Qxd7 fxe4 33. Qxe6+ Rf7
34. Rh2 e3 35. Qh3 Qxh3+ 36. Rxh3 Rxf2+ 37. Ke1 Raf8 38. Rxe3 Rf1+ 39. Kd2 Rd8+
40. Kc2 Rdd1 41. a3 b3+ 42. Nxb3 Rxa1 43. Nxa1 Re1 44. Kd2 Rxa1 45. Nc1 Bb5 46.
Kc2 Bd7 47. b4 Bf5+ 48. Kd2 Rb1 49. Rb3 Kf7 50. Rf3 Rb2+ 51. Kc3 Rc2+ 52. Kb3
Ke6 53. Rxf5 Rxc1 54. Rg5 Kf6 55. Rg2 g5 56. b5 Rc8 57. a4 Rg8 58. b6 Ke6 59.
a5 Kd7 60. Rc2 g4 61. b7 g3 62. a6 Rb8 63. Ka4 g2 64. Rxg2 Kc7 65. a7  1-0

[Event "2. BUNDESLIGA MITTE 2018/2019"]
[Site "Grieskirchen, Friedberg/Sauwald, St. Veit, Deutschlandsberg"]
[Date "2018.11.25"]
[Round "5"]
[Board "2"]
[White "Velicka, Petr"]
[Black "Handler, Lukas"]
[Result "1/2-1/2"]
[WhiteElo "2430"]
[BlackElo "2415"]
[PlyCount "68"]
[EventDate "2018.10.19"]
[EventType "team"]
[EventRounds "11"]
[EventCountry "AUT"]
[WhiteTeam "SV Steyregg"]
[BlackTeam "SC MPOE Maria Saal II"]

1. e4 c5 2. Nf3 d6 3. Bb5+ Bd7 4. Bxd7+ Qxd7 5. c4 Nc6 6. Nc3 g6 7. d4 cxd4 8.
Nxd4 Bg7 9. Nde2 Nf6 10. f3 O-O 11. O-O e6 12. Bg5 a6 13. a4 Qc7 14. Rb1 Rac8
15. b3 Nd7 16. Kh1 Nc5 17. Qc2 Rfe8 18. Rfd1 h5 19. Be3 Na5 20. Bd4 Ncxb3 21.
Rxb3 Nxb3 22. Qxb3 Qxc4 23. Qxb7 Rb8 24. Qa7 Ra8 25. Qd7 Rad8 26. Qa7 d5 27.
Bxg7 Kxg7 28. exd5 exd5 29. Qd4+ Qxd4 30. Rxd4 Re3 31. h3 Rde8 32. Rxd5 Rxe2
33. Nxe2 Rxe2 34. Kg1 Re6  1/2-1/2

[Event "2. BUNDESLIGA MITTE 2018/2019"]
[Site "Grieskirchen, Friedberg/Sauwald, St. Veit, Deutschlandsberg"]
[Date "2018.11.25"]
[Round "5"]
[Board "3"]
[White "Tomazini, Zan"]
[Black "Enoeckl, Philipp"]
[Result "1-0"]
[WhiteElo "2431"]
[BlackElo "2291"]
[PlyCount "43"]
[EventDate "2018.10.19"]
[EventType "team"]
[EventRounds "11"]
[EventCountry "AUT"]
[WhiteTeam "SC MPOE Maria Saal II"]
[BlackTeam "SV Steyregg"]

1. e4 e6 2. d4 d5 3. Nd2 Nf6 4. e5 Nfd7 5. Bd3 c5 6. c3 Nc6 7. Ne2 cxd4 8. cxd4
f6 9. exf6 Nxf6 10. Nf3 Bd6 11. O-O Qc7 12. Bg5 O-O 13. Rc1 h6 14. Bd2 Nh5 15.
Ng3 Nf4 16. Bb1 Qf7 17. Bc3 Bd7 18. Ne5 Nxe5 19. dxe5 Bc5 20. Bd2 Rac8 21. Be3
Qe7 22. Qc2  1-0

[Event "2. BUNDESLIGA MITTE 2018/2019"]
[Site "Grieskirchen, Friedberg/Sauwald, St. Veit, Deutschlandsberg"]
[Date "2018.11.25"]
[Round "5"]
[Board "4"]
[White "Meyer, Gordon"]
[Black "Kreisl, Robert"]
[Result "1-0"]
[WhiteElo "2206"]
[BlackElo "2427"]
[PlyCount "73"]
[EventDate "2018.10.19"]
[EventType "team"]
[EventRounds "11"]
[EventCountry "AUT"]
[WhiteTeam "SV Steyregg"]
[BlackTeam "SC MPOE Maria Saal II"]

1. e4 d6 2. d4 Nf6 3. Nc3 e5 4. Nf3 Nbd7 5. a4 Be7 6. Bc4 O-O 7. O-O Nb6 8. Bb3
exd4 9. Qxd4 a5 10. h3 Nfd7 11. Rd1 Nc5 12. Ba2 Be6 13. Be3 Bxa2 14. Rxa2 c6
15. b4 axb4 16. Qxb4 Nbd7 17. Nd4 g6 18. Nf3 Qc7 19. h4 Rfe8 20. h5 Bf8 21. Bf4
Ne5 22. Bg3 Na6 23. Qd4 Bg7 24. Qd2 Qd8 25. h6 Bh8 26. a5 Nb4 27. Ra4 c5 28.
Nb5 Nc4 29. Qe2 Nb2 30. Rxd6 Nxa4 31. Rxd8 Raxd8 32. Qc4 Bd4 33. Bf4 Bf6 34. e5
Be7 35. Nd6 Bxd6 36. exd6 Re6 37. Qb5  1-0

[Event "2. BUNDESLIGA MITTE 2018/2019"]
[Site "Grieskirchen, Friedberg/Sauwald, St. Veit, Deutschlandsberg"]
[Date "2018.11.25"]
[Round "5"]
[Board "5"]
[White "Tomazini, Aljosa"]
[Black "Wiesinger, Robert"]
[Result "1/2-1/2"]
[WhiteElo "2388"]
[BlackElo "2233"]
[PlyCount "155"]
[EventDate "2018.10.19"]
[EventType "team"]
[EventRounds "11"]
[EventCountry "AUT"]
[WhiteTeam "SC MPOE Maria Saal II"]
[BlackTeam "SV Steyregg"]

1. d4 d5 2. c4 dxc4 3. e3 c5 4. Nf3 cxd4 5. Bxc4 Nf6 6. exd4 e6 7. O-O Nc6 8.
Nc3 Be7 9. Re1 O-O 10. a3 a6 11. d5 exd5 12. Nxd5 Nxd5 13. Bxd5 Bf6 14. Qb3 Na5
15. Qa2 Bd7 16. Rd1 Be6 17. Bg5 Bxg5 18. Bxe6 Qe7 19. Rd7 Qxe6 20. Qxe6 fxe6
21. Nxg5 Rfd8 22. Rad1 Rxd7 23. Rxd7 e5 24. Nf7 Rc8 25. h3 Rc1+ 26. Kh2 h6 27.
Nxe5 b5 28. b4 Nc4 29. Nxc4 bxc4 30. Ra7 Ra1 31. Rxa6 c3 32. Rc6 Rxa3 33. b5
Rb3 34. b6 c2 35. Rxc2 Rxb6 36. g4 Rb7 37. Kg3 g6 38. h4 Kg7 39. Rc5 Rb6 40. h5
g5 41. Rc7+ Kg8 42. Kf3 Rf6+ 43. Kg2 Ra6 44. Rd7 Rb6 45. Kf1 Re6 46. f3 Ra6 47.
Ke2 Re6+ 48. Kd3 Rf6 49. Ke4 Rf4+ 50. Ke3 Rf6 51. Rd5 Kg7 52. Rf5 Re6+ 53. Kd4
Rd6+ 54. Kc5 Ra6 55. Re5 Ra3 56. Rf5 Ra5+ 57. Kd4 Ra4+ 58. Ke3 Ra3+ 59. Kf2
Ra2+ 60. Kg3 Ra6 61. Re5 Rb6 62. Re7+ Kf8 63. Ra7 Kg8 64. Ra3 Kg7 65. Kf2 Re6
66. Ra4 Rb6 67. f4 gxf4 68. Kf3 Rc6 69. Kxf4 Rf6+ 70. Ke5 Rb6 71. Ra7+ Kg8 72.
Re7 Rb5+ 73. Kf6 Rg5 74. Re4 Kh7 75. Ra4 Kg8 76. Ra8+ Kh7 77. Ra7+ Kg8 78. Ra8+
 1/2-1/2

[Event "2. BUNDESLIGA MITTE 2018/2019"]
[Site "Grieskirchen, Friedberg/Sauwald, St. Veit, Deutschlandsberg"]
[Date "2018.11.25"]
[Round "5"]
[Board "6"]
[White "Stolz, Julius"]
[Black "Hartl, Daniel"]
[Result "0-1"]
[WhiteElo "1989"]
[BlackElo "2271"]
[PlyCount "86"]
[EventDate "2018.10.19"]
[EventType "team"]
[EventRounds "11"]
[EventCountry "AUT"]
[WhiteTeam "SV Steyregg"]
[BlackTeam "SC MPOE Maria Saal II"]

1. e4 d5 2. exd5 Nf6 3. d4 Bg4 4. Bb5+ Nbd7 5. f3 Bf5 6. c4 a6 7. Ba4 e6 8.
dxe6 Bxe6 9. d5 Bf5 10. Ne2 Bc5 11. Nd4 Qe7+ 12. Kf2 O-O-O 13. Re1 Qd6 14. Be3
Bg6 15. Nc3 Qxh2 16. Rh1 Qe5 17. Qd2 Nh5 18. Nce2 Rhe8 19. Rac1 Bb4 20. Nc3 Nc5
21. Bc2 Bxc2 22. Nxc2 Bxc3 23. bxc3 Ne6 24. Nd4 Qg3+ 25. Kg1 Nef4 26. Nf5 Qg5
27. Rxh5 Qxh5 28. g4 Qh3 29. Bxf4 Qxf3 30. Nd4 Qxg4+ 31. Kh2 Re4 32. Rf1 Rde8
33. Rf2 Re1 34. Nf3 R1e4 35. Nd4 h6 36. Bg3 g5 37. Rg2 Re3 38. c5 f5 39. d6 f4
40. Bf2 Qh3+ 41. Kg1 Rd3 42. Qc2 Rxc3 43. Qd2 Qd3  0-1

[Event "2. BUNDESLIGA MITTE 2018/2019"]
[Site "Grieskirchen, Friedberg/Sauwald, St. Veit, Deutschlandsberg"]
[Date "2018.11.25"]
[Round "5"]
[Board "1"]
[White "Schwabeneder, Florian"]
[Black "Schmidt, Peter"]
[Result "1-0"]
[WhiteElo "2430"]
[BlackElo "2399"]
[PlyCount "75"]
[EventDate "2018.10.19"]
[EventType "team"]
[EventRounds "11"]
[EventCountry "AUT"]
[WhiteTeam "SPK Grieskirchen/Schallerbach"]
[BlackTeam "SPG Sauwald"]

1. c4 g6 2. g3 Bg7 3. Bg2 c5 4. Nc3 Nc6 5. d3 a6 6. e3 Nf6 7. Nge2 O-O 8. O-O
d6 9. b3 Bd7 10. Bb2 Qa5 11. Qd2 b5 12. Nf4 bxc4 13. dxc4 Rfc8 14. h3 Rab8 15.
g4 h6 16. Qc2 Nb4 17. Qe2 Qd8 18. Rad1 Qf8 19. Rd2 Rd8 20. Rfd1 a5 21. a3 Nc6
22. Nb5 a4 23. bxa4 Ne5 24. Bxe5 dxe5 25. Nd3 Be8 26. Nxc5 Rxd2 27. Rxd2 e6 28.
Na6 Rb6 29. Nb4 Qc5 30. a5 Rxb5 31. cxb5 Bxb5 32. Rd8+ Kh7 33. Qc2 Qa7 34. a6
e4 35. Rc8 Ne8 36. Bxe4 Qb6 37. Qc5 Qa5 38. Rxe8  1-0

[Event "2. BUNDESLIGA MITTE 2018/2019"]
[Site "Grieskirchen, Friedberg/Sauwald, St. Veit, Deutschlandsberg"]
[Date "2018.11.25"]
[Round "5"]
[Board "2"]
[White "Renner, Christoph"]
[Black "Haba, Petr"]
[Result "1-0"]
[WhiteElo "2317"]
[BlackElo "2445"]
[PlyCount "53"]
[EventDate "2018.10.19"]
[EventType "team"]
[EventRounds "11"]
[EventCountry "AUT"]
[WhiteTeam "SPG Sauwald"]
[BlackTeam "SPK Grieskirchen/Schallerbach"]

1. e4 c5 2. d3 Nc6 3. g3 g6 4. Bg2 Bg7 5. f4 e6 6. Nf3 Nge7 7. O-O O-O 8. c3 d6
9. Be3 b6 10. Na3 Bb7 11. Re1 Rc8 12. d4 cxd4 13. Nxd4 Nxd4 14. Bxd4 e5 15. Be3
Qd7 16. Qd3 Rfd8 17. Rad1 exf4 18. Bxf4 Qe6 19. Nb5 Nc6 20. Qd5 Be5 21. Qxe6
fxe6 22. Bh3 Rb8 23. Bxe6+ Kf8 24. Bg5 a6 25. Nc7 d5 26. Rf1+ Kg7 27. exd5  1-0

[Event "2. BUNDESLIGA MITTE 2018/2019"]
[Site "Grieskirchen, Friedberg/Sauwald, St. Veit, Deutschlandsberg"]
[Date "2018.11.25"]
[Round "5"]
[Board "3"]
[White "Kilgus, Georg"]
[Black "Testor, Sebastian"]
[Result "1-0"]
[WhiteElo "2436"]
[BlackElo "2293"]
[PlyCount "65"]
[EventDate "2018.10.19"]
[EventType "team"]
[EventRounds "11"]
[EventCountry "AUT"]
[WhiteTeam "SPK Grieskirchen/Schallerbach"]
[BlackTeam "SPG Sauwald"]

1. Nf3 Nf6 2. c4 e6 3. g3 a6 4. Bg2 b5 5. b3 c5 6. O-O Bb7 7. Nc3 Qb6 8. Re1
Be7 9. e4 d6 10. d4 cxd4 11. Nxd4 b4 12. Nd5 exd5 13. exd5 Bc8 14. a3 Qd8 15.
axb4 O-O 16. b5 Re8 17. Bd2 Bf8 18. Ba5 Rxe1+ 19. Qxe1 Qe8 20. b6 Qxe1+ 21.
Rxe1 Nbd7 22. Nc6 Bb7 23. h3 Nc5 24. Re3 Bc8 25. Bc3 Bd7 26. b4 Nb7 27. Bd4 Re8
28. Ra3 Re1+ 29. Kh2 Rc1 30. Rxa6 Rxc4 31. Ra7 Rxd4 32. Nxd4 Bc8 33. Ra8  1-0

[Event "2. BUNDESLIGA MITTE 2018/2019"]
[Site "Grieskirchen, Friedberg/Sauwald, St. Veit, Deutschlandsberg"]
[Date "2018.11.25"]
[Round "5"]
[Board "4"]
[White "Taggatz, Mario"]
[Black "Singer, Christoph"]
[Result "1/2-1/2"]
[WhiteElo "2210"]
[BlackElo "2347"]
[PlyCount "92"]
[EventDate "2018.10.19"]
[EventType "team"]
[EventRounds "11"]
[EventCountry "AUT"]
[WhiteTeam "SPG Sauwald"]
[BlackTeam "SPK Grieskirchen/Schallerbach"]

1. d4 d5 2. Bf4 Nf6 3. e3 e6 4. Nf3 Bd6 5. Nbd2 Bxf4 6. exf4 Qd6 7. g3 O-O 8.
Bd3 c5 9. dxc5 Qxc5 10. O-O Nc6 11. c3 Bd7 12. Qe2 Rfd8 13. Nb3 Qb6 14. Nbd4
Rac8 15. Rad1 Nxd4 16. Nxd4 Qa5 17. a3 Re8 18. Rfe1 a6 19. Rd2 Ba4 20. Qf1 Qc7
21. Qh3 Bd7 22. Qh4 e5 23. fxe5 Rxe5 24. Rxe5 Qxe5 25. Re2 Qd6 26. Bf5 Re8 27.
Bxd7 Qxd7 28. Qf4 Rxe2 29. Nxe2 h6 30. Nd4 Qe7 31. h3 Kh7 32. Qf5+ g6 33. Qf3
Qe5 34. Qe2 Ne4 35. Kg2 Kg7 36. Qe3 Qf6 37. Nf3 h5 38. Qd3 Qb6 39. Qd4+ Qxd4
40. Nxd4 Nd2 41. a4 Kf6 42. h4 Ke7 43. f3 Nc4 44. b3 Ne3+ 45. Kh3 Nd1 46. Ne2
Kf6  1/2-1/2

[Event "2. BUNDESLIGA MITTE 2018/2019"]
[Site "Grieskirchen, Friedberg/Sauwald, St. Veit, Deutschlandsberg"]
[Date "2018.11.25"]
[Round "5"]
[Board "5"]
[White "Webersberger, Johann"]
[Black "Hiermann, Dietmar"]
[Result "1-0"]
[WhiteElo "2368"]
[BlackElo "2203"]
[PlyCount "31"]
[EventDate "2018.10.19"]
[EventType "team"]
[EventRounds "11"]
[EventCountry "AUT"]
[WhiteTeam "SPK Grieskirchen/Schallerbach"]
[BlackTeam "SPG Sauwald"]

1. d4 d5 2. Bg5 Nf6 3. Bxf6 exf6 4. e3 Bd6 5. Bd3 O-O 6. Qf3 c6 7. Nd2 Re8 8.
Ne2 Na6 9. c3 Nc7 10. g4 b6 11. h4 Ne6 12. O-O-O Bb7 13. Rdg1 c5 14. g5 fxg5
15. hxg5 g6 16. Rxh7  1-0

[Event "2. BUNDESLIGA MITTE 2018/2019"]
[Site "Grieskirchen, Friedberg/Sauwald, St. Veit, Deutschlandsberg"]
[Date "2018.11.25"]
[Round "5"]
[Board "6"]
[White "Hellmayr, Alois"]
[Black "Lentrodt, Thomas"]
[Result "1/2-1/2"]
[WhiteElo "2283"]
[BlackElo "2281"]
[PlyCount "203"]
[EventDate "2018.10.19"]
[EventType "team"]
[EventRounds "11"]
[EventCountry "AUT"]
[WhiteTeam "SPG Sauwald"]
[BlackTeam "SPK Grieskirchen/Schallerbach"]

1. Nf3 d5 2. g3 Nf6 3. Bg2 Nbd7 4. c4 e6 5. b3 Be7 6. Bb2 O-O 7. O-O b6 8. d4
Bb7 9. Nbd2 c5 10. e3 Rc8 11. Qe2 dxc4 12. Nxc4 Qc7 13. Rac1 Qb8 14. Nfe5 Bxg2
15. Kxg2 Nxe5 16. Nxe5 cxd4 17. Bxd4 Ba3 18. Rxc8 Rxc8 19. Qf3 Qa8 20. Qxa8
Rxa8 21. Nc6 Nd5 22. e4 Nc7 23. b4 Nb5 24. Rd1 Kf8 25. Be5 Rc8 26. Nd4 Nxd4 27.
Bd6+ Ke8 28. Rxd4 Rc2 29. e5 Bb2 30. Rd3 f6 31. exf6 gxf6 32. Bb8 a6 33. a4 b5
34. axb5 axb5 35. Ba7 Rc4 36. Bc5 Bc3 37. Rd6 Kf7 38. Rd7+ Kg6 39. Rb7 Bxb4 40.
Be3 Bc5 41. Rxb5 Bxe3 42. fxe3 Rc2+ 43. Kf3 Rxh2 44. Ra5 Rh5 45. Ra8 Rf5+ 46.
Kg2 Rc5 47. Kf3 Rc2 48. Rg8+ Kf7 49. Rh8 Rh2 50. Ra8 h5 51. Rh8 e5 52. Rh7+ Kg6
53. Rh8 Kf5 54. e4+ Kg6 55. Rg8+ Kf7 56. Rh8 Kg7 57. Ra8 Rc2 58. Rb8 Rc3+ 59.
Kf2 h4 60. gxh4 Rh3 61. Ra8 Rxh4 62. Kf3 Rf4+ 63. Ke3 Kg6 64. Rg8+ Kh5 65. Rh8+
Kg4 66. Rg8+ Kh3 67. Rg6 Kh4 68. Rh6+ Kg5 69. Rh8 Rh4 70. Rg8+ Kh5 71. Rh8+ Kg4
72. Rg8+ Kh3 73. Rg6 Rf4 74. Rg8 Rg4 75. Rh8+ Rh4 76. Rf8 Rh6 77. Rg8 Kh4 78.
Kf3 Kh5 79. Rf8 Kg6 80. Rg8+ Kf7 81. Ra8 Rh3+ 82. Kf2 Kg6 83. Rg8+ Kh5 84. Rg7
Rh4 85. Kf3 Rf4+ 86. Ke3 Rg4 87. Rh7+ Kg6 88. Rh8 Rg3+ 89. Kf2 Rb3 90. Rg8+ Kf7
91. Ra8 Rb7 92. Ra6 Kg6 93. Rc6 Kg5 94. Ra6 Rb3 95. Rc6 Kf4 96. Rxf6+ Kxe4 97.
Ra6 Rb2+ 98. Ke1 Kf4 99. Ra3 e4 100. Rc3 Rg2 101. Ra3 Rb2 102. Rc3  1/2-1/2

[Event "2. BUNDESLIGA MITTE 2018/2019"]
[Site "Grieskirchen, Friedberg/Sauwald, St. Veit, Deutschlandsberg"]
[Date "2018.11.25"]
[Round "5"]
[Board "1"]
[White "Pilaj, Herwig"]
[Black "Horvath, Adam"]
[Result "0-1"]
[WhiteElo "2336"]
[BlackElo "2520"]
[PlyCount "62"]
[EventDate "2018.10.19"]
[EventType "team"]
[EventRounds "11"]
[EventCountry "AUT"]
[WhiteTeam "SC Die Klagenfurter"]
[BlackTeam "EJ Gleisdorf"]

1. c4 c5 2. g3 g6 3. Bg2 Bg7 4. Nc3 Nc6 5. Nf3 d6 6. O-O e6 7. e3 Nge7 8. d4
O-O 9. b3 cxd4 10. Nxd4 Nxd4 11. exd4 Nf5 12. Ne2 Rb8 13. Bb2 b5 14. cxb5 Rxb5
15. Nc3 Rb8 16. d5 Ba6 17. Re1 e5 18. Ne4 Nd4 19. Qd2 h6 20. Rac1 f5 21. Bxd4
exd4 22. Nxd6 Qxd6 23. Rc6 Qa3 24. Rxg6 Rbe8 25. d6 Rxe1+ 26. Qxe1 Kh7 27. Re6
Bb5 28. Bd5 Bd7 29. Kg2 Qc5 30. Bc4 Bxe6 31. Qxe6 Qe5  0-1

[Event "2. BUNDESLIGA MITTE 2018/2019"]
[Site "Grieskirchen, Friedberg/Sauwald, St. Veit, Deutschlandsberg"]
[Date "2018.11.25"]
[Round "5"]
[Board "2"]
[White "Frosch, Ronald"]
[Black "Wertjanz, David"]
[Result "1/2-1/2"]
[WhiteElo "2284"]
[BlackElo "2311"]
[PlyCount "42"]
[EventDate "2018.10.19"]
[EventType "team"]
[EventRounds "11"]
[EventCountry "AUT"]
[WhiteTeam "EJ Gleisdorf"]
[BlackTeam "SC Die Klagenfurter"]

1. d4 Nf6 2. Nf3 e6 3. e3 b6 4. Bd3 Bb7 5. O-O Be7 6. b3 O-O 7. Bb2 c5 8. Qe2
Nc6 9. a3 Rc8 10. Nbd2 Re8 11. Rfd1 cxd4 12. Nxd4 Qc7 13. N2f3 Ne5 14. Nxe5
Qxe5 15. c4 Qg5 16. Nf3 Qg4 17. h3 Qh5 18. Nd4 Qg5 19. Nf3 Qh5 20. Nd4 Qg5 21.
Nf3 Qh5  1/2-1/2

[Event "2. BUNDESLIGA MITTE 2018/2019"]
[Site "Grieskirchen, Friedberg/Sauwald, St. Veit, Deutschlandsberg"]
[Date "2018.11.25"]
[Round "5"]
[Board "3"]
[White "Genser, Harald"]
[Black "Wanderer, Thomas"]
[Result "1/2-1/2"]
[WhiteElo "2274"]
[BlackElo "2225"]
[PlyCount "63"]
[EventDate "2018.10.19"]
[EventType "team"]
[EventRounds "11"]
[EventCountry "AUT"]
[WhiteTeam "SC Die Klagenfurter"]
[BlackTeam "EJ Gleisdorf"]

1. d4 Nf6 2. Bf4 g6 3. Nf3 d5 4. e3 Bg7 5. h4 h6 6. Nc3 O-O 7. Qd2 a6 8. O-O-O
b5 9. a3 e6 10. Ne5 Bb7 11. f3 Nbd7 12. g4 Nxe5 13. Bxe5 Nd7 14. Bxg7 Kxg7 15.
Bg2 Qe7 16. Kb1 Nb6 17. Ka2 Nc4 18. Qc1 b4 19. Nb1 bxa3 20. Nxa3 Nxa3 21. bxa3
Bc6 22. Bf1 Rfb8 23. Bd3 Rb6 24. f4 Rab8 25. Qa1 Bb5 26. g5 h5 27. Rb1 Bxd3 28.
cxd3 Rb5 29. Rxb5 axb5 30. Rb1 Ra8 31. Qc3 c6 32. Rb4  1/2-1/2